000 00918nas a2200253 4500
001 BR6800014
003 BR-BrBNA
005 20231205082243.0
007 ta
008 230509b bl.|||p| |||| 00| 00por d
040 _aBR-BrBNA
_bpor
_cBiblioteca Nacional de Agricultura
041 _a(Pt)
072 _aF00
110 1 _aInstituto Rio Grandense do Arroz, Porto Alegre (Brasil)
245 1 _aCalendario orizicola, marco a dezembro [Oryza sativa; Rio Grande do Sul; Brasil]
650 _aProducao vegetal
650 _aArroz
650 _aLavoura
650 _aRio Grande do Sul
650 _aCalendario agricola
773 0 _tLavoura Arrozeira (Brazil)
_xISSN 0023-9143
_g(Jan 1968)(Mar 1968)(May 1968)(Jul 1968)(Sep 1968), v. 22(241) p. 41-42; v. 22(242) p. 33-34; v. 21(243) p. 42-43; v. 21(244) p. 7-8; v. 21(245) p. 38-39
_wBR6800014
909 _a202311
_bLúcia
_c55
_dLúcia Elande
942 _2AGRIS
_n0
_cANA
999 _c90333
_d90333